00599nam a2200193Ia 450000500170000000800410001702000160005804000190007404100120009308200150010510000200012024500490014025000160018926000310020530000350023650400490027165000750032085000100039520230713103949.0131103s9999 xx 000 0 und d a047152279 1 aLoreto College aEnglish a631.4bFOT aFoth, Hendry D. aFundamentals of Soil SciencecHendry D. Foth a8th edition aNew YorkbJohn Wileyc1990 axv,360 p.b ill., fig., tables aIncludes bibliographical reference and index aSpecific techniques, apparatus, equipment, materials - Soil Science -  aLCLIB